书目信息 |
| 题名: |
资产分配
|
|
| 作者: | 吴海峰 译 | |
| 分册: | ||
| 出版信息: | 北京 机械工业出版社 2006.05 |
|
| 页数: | 219页 | |
| 开本: | 20cm | |
| 丛书名: | ||
| 单 册: | ||
| 中图分类: | F830.59 | |
| 科图分类: | ||
| 主题词: | 金融 , 银行 | |
| 电子资源: | ||
| ISBN: | 7-111-18850-0 | |
| 000 | 00581nam0 2200229 45 | |
| 001 | 0930968515 | |
| 005 | 20091030083706.67 | |
| 010 | @a7-111-18850-0@dCNY25.00 | |
| 100 | @a20090515d2006 ekmy0 y0120 ea | |
| 102 | @aCN@b130000 | |
| 102 | @aCN@b110000 | |
| 105 | @ay z 000yy | |
| 200 | 1 | @a资产分配@f吴海峰译@Fwu hai feng yi |
| 210 | @a北京@c机械工业出版社@d2006.05 | |
| 215 | @a219页@d20cm | |
| 606 | 0 | @a金融 |
| 606 | 0 | @a银行 |
| 690 | @aF830.59@v4 | |
| 701 | 0 | @a吴海峰@Awu hai feng@4译 |
| 801 | 0 | @aCN@c20091030 |
| 905 | @a10447@dF830.59@eL940 | |
| 906 | @d25@n2@r1 | |
| 资产分配/吴海峰译.-北京:机械工业出版社,2006.05 |
| 219页;20cm |
| ISBN 7-111-18850-0:CNY25.00 |
| ● |
| 相关链接 |
|
|
|
正题名:资产分配
索取号:F830.59/L940
 
预约/预借
| 序号 | 登录号 | 条形码 | 馆藏地/架位号 | 状态 | 备注 |
| 1 | 893286 | 208932869 | 社科库409/409社科库 51排6列4层/ [索取号:F830.59/L940] | 在馆 | |
| 2 | 893287 | 208932878 | 社科库409/409社科库 51排6列4层/ [索取号:F830.59/L940] | 在馆 |